| 000 | 00553nam a22002057a 4500 | ||
|---|---|---|---|
| 003 | OSt | ||
| 005 | 20251029124201.0 | ||
| 008 | 251029b |||||||| |||| 00| 0 eng d | ||
| 020 | _a9780262082907 | ||
| 040 | _cDDC | ||
| 082 | _a006.3 HAN 2020 | ||
| 100 |
_aHand, J. David; Mannila, Heikki; Smyth, Padhraic _919504 |
||
| 245 | _aPrinciples of Data Mining | ||
| 250 | _aAsian ed. | ||
| 260 |
_bBradford, _c2020 |
||
| 300 | _axxxiv,477p.; Ill: 24cm | ||
| 504 | _aIndex & colour plates included | ||
| 650 |
_aData mining _9515 |
||
| 942 |
_2ddc _cO_SHELF |
||
| 999 |
_c9586 _d9586 |
||